000 00194nam a22000977a 4500
041 _aeng
080 _a80
100 _aJudy, Stephen N.
245 _aThe English Teachers Hadbook.
999 _c282010
_d282010
942 _cBK